Formel 1 Teams 2024 - Statistiken

Allgemein
  • Dieses Quiz wurde 229 mal gespielt
  • Das Durchschnittsergebnis liegt bei 9 aus 10
Antwortstatistiken
Bildquiz Antwort % Korrekt
Oracle Red Bull Racing
100%
Scuderia Ferrari
100%
Mercedes AMG Petronas F1
99%
Haas F1 Team
98%
McLaren Racing
98%
Williams F1 Team
92%
Alpine F1 Team
88%
Aston Martin F1 Team
88%
Stake F1 Team Kick Sauber
79%
Visa Cash App RB Formula One Team
58%
Keine übereinstimmenden Quizze gefunden
Verteilung der Resultate
Anzahl Personen mit jedem Resultat
Perzentil nach korrekt beantworteten Fragen
Ihre Resultats-Entwicklung
Sie haben dieses Quiz noch nicht gespielt